Регионална библиотека "Любен Каравелов" - Русе

Електротехника и електроника (Запис номер 110876)

MARC детайли
000 -Лидер
Контролно поле с фиксирана дължина 01960nam a2200385 c 4500
003 - Код на организацията, давaща контролен номер
Контролно поле BLK
005 - Дата и час на последна редакция
Контролно поле 20250416104147.0
008 - Елементи от данни с фиксирана дължина
fixed length control field 180409b bul|||||r ||||||| ||bul||
010 ## - Наследен системен номер
LC control number KNG00116208000
020 ## - Международен стандартен номер на книга ISBN
Международен стандартен номер на книга ISBN 954-9930-15-7
-- издат.: Матком
040 ## - Източник на каталожния запис
Идентификатор на билиотеката - собственик на записа BLK
041 ## - Код за език
Код за езика на текст/звукозапис или на отделно заглавие Български
Код за езика КДБФ Български
080 ## - УДК
Текстов определител УДК Електротехника
УДК код - определител по УДК 621.3
УДК определител (075.32)
УДК - код + определител 621.3(075.32)
080 ## - УДК
Текстов определител УДК Електроника.Фотоелектроника.Електронни лампи и тръби.Рентгенова техника.Ускорители. Вж и 615.84; 616-073.7; 621.3.032
УДК код - определител по УДК 621.38
УДК определител (075.32)
УДК - код + определител 621.38(075.32)
100 1# - Редна дума - Автор
Автор Бечева, Мария Кузманова
Авторска отговорност първи автор
R(LIN) 311956
139 ## - Редно поле
Редна дума Бечева, Мария Кузманова и др.
Авторски знак Бет - Б 42
245 10 - Сведения за заглавието
Заглавие Електротехника и електроника
Подзаглавни данни Учебник за всички неелектротехн. професии и спец.
Редно поле (дума) Мария Кузманова Бечева; съавт. Илия Димитров Златенов.
257 ## - Страна на издаване
Страна на създаване/издаване България
260 ## - Област на издателските данни
-- София
Име на издателя, разпространителя и проч. Матком
Година на издаване 2003
Печатница София : Изток-Запад
300 ## - Физическа характеристика
Страници 215 с.
Илюстрации и др. с ил.
Размери/Мащаб 22 см
380 ## - Жанр
Жанр Техника
500 ## - Общи забележки
Забележка Офс. изд. - 500 тир. - Библиогр. с. 211
650 #4 - Допълнително описание по предмет – тема
Основно описание – тема или топоним Електротехника - учебници за средни специални училища
9 (RLIN) 253541
650 #4 - Допълнително описание по предмет – тема
Основно описание – тема или топоним Електроника - учебници за средни специални училища
9 (RLIN) 261672
653 ## - Ключова дума – ненормативна
Ключова дума електротехника
653 ## - Ключова дума – ненормативна
Ключова дума електроника
653 ## - Ключова дума – ненормативна
Ключова дума учебници за средни училища
700 1# - Други автори (авторска отговорност)
Лично име Златенов, Илия Димитров
Автороска отговорност (Описва отношението между автора и произведението) съавт.
9 (RLIN) 70059
852 ## - Местоположение
Форматна сигнатура Цб 221704
856 4# - Електронен адрес и достъп
Електронен формат pdf - файл
Път до файла /url/
856 4# - Електронен адрес и достъп
Електронен формат pdf - файл
Път до файла /url/
942 ## - АРТИКУЛИ
Вид на библиотечния материал Книги
Скрит в OPAC Не
Koha issues (borrowed), all copies 9
944 ## - СЪЗДАВАНЕ И РЕДАКЦИЯ на ЗАПИСА
Създаване/Редакция Създаване
Дата на регистрацията/редакция 12.11.2004
Статус, дата на статуса Диана Гривева
Служител, извършил регистрацията/редакцията 30529
944 ## - СЪЗДАВАНЕ И РЕДАКЦИЯ на ЗАПИСА
Създаване/Редакция Редакция
Дата на регистрацията/редакция 10.12.2012
Статус, дата на статуса ф /
Служител, извършил регистрацията/редакцията
999 ## - СИСТЕМНИ КОНТРОЛНИ НОМЕРА
Koha biblionumber 110876
Koha biblioitemnumber 110876
Наличности
Код за отписване Код за изгубен артикул Код за повреда Коз за рестрикции Код за отдаване Артикулен № Име на библиотеката - собственик Име на библиотеката, в която се намира в момента Статус (Текущо местоположение) Дата на вписване в системата Местоположение - отдел Цена в лева Инвентарен номер Систематично азбучна сигнатура Баркод Номер на екземпляра Цена в евро Служебна бележка Служебен тип на артикула
  Не е изгубен Не е повреден без рестрикции ползва се в читалня 178219 Регионална библиотека "Любен Каравелов" Русе Регионална библиотека "Любен Каравелов" Русе Хранилище 2004-11-18 Хранилище 6.50 120000690200 Цб 221704 120000690200 1 3.32 Дост: Dp Вид: Д N: 6 Дата: 28.01.2004 Книги
  Не е изгубен Не е повреден без рестрикции заемане за дома 178220 Регионална библиотека "Любен Каравелов" Русе Регионална библиотека "Любен Каравелов" Русе Заемна - подръчен фонд 2007-12-17 Заемна - подръчен фонд 7.50 120000721052 П 621.3/Б 42 120000721052 2 3.83 Дост: Pk Вид: Ф N: 12779 Дата: 11.12.2007 Дата инв: 06.02.2018 Бележки инв: П2018 Книги
  Не е изгубен Не е повреден без рестрикции ползва се в читалня 178221 Регионална библиотека "Любен Каравелов" Русе Регионална библиотека "Любен Каравелов" Русе Читалня 2007-12-17 Читалня 7.50 120000721054 Ч 621.3/Б 42 120000721054 3 3.83 Дост: Pk Вид: Ф N: 12779 Дата: 11.12.2007 Дата инв: 24.03.2017 Бележки инв: Ч2017 Книги
  Не е изгубен Не е повреден без рестрикции заемане за дома 178222 Регионална библиотека "Любен Каравелов" Русе Регионална библиотека "Любен Каравелов" Русе Заемна - подръчен фонд 2012-11-29 Заемна - подръчен фонд 6.50 120000762044 П 621.3/Б 42 120000762044 4 3.32 Дост: Pk Вид: Ф N: 325 Дата: 19.11.2012 Дата инв: 06.02.2018 Бележки инв: П2018 Книги
  Не е изгубен Не е повреден без рестрикции заемане за дома 178223 Регионална библиотека "Любен Каравелов" Русе Регионална библиотека "Любен Каравелов" Русе Заемна - подръчен фонд 2012-11-29 Заемна - подръчен фонд 6.50 120000762045 П 621.3/Б 42 120000762045 5 3.32 Дост: Pk Вид: Ф N: 325 Дата: 19.11.2012 Дата инв: 06.02.2018 Бележки инв: П2018 Книги
Vip Innovations Ltd, Rousse, Bulgaria 2025